000 00542nam a2200229Ia 4500
003 OSt
005 20220918191103.0
006 a|||||r|||| 00| 0
007 ta
008 220917b |||||||| |||| 00| 0 eng d
024 _a61,379
037 _cTextual
040 _aARTS
_cARTS
_beng
041 _2eng
_aeng
082 _aQ22, J4 (O44)
100 _aGonda J
245 0 _aAspects of early visnuism
260 _c1954
650 _aRELIGION
942 _hQ22, J4 (O44)
_cTEXL
_2CC
999 _c188238
_d188238